[Event "Karlsruhe Grenke op"]
[Site "Karlsruhe"]
[Date "2024.04.01"]
[Round "8"]
[White "Soucek, Jan"]
[Black "Sowinski, Pawel"]
[Result "1/2-1/2"]
[WhiteElo "2077"]
[BlackElo "2387"]
[PlyCount "117"]
[EventDate "2024.03.28"]
[EventType "swiss"]
[EventRounds "9"]
[EventCountry "GER"]
[SourceTitle "CB14_2024"]
[SourceDate "2024.04.01"]
[SourceVersion "1"]
[SourceVersionDate "2024.04.01"]
[SourceQuality "1"]

1. d4 Nf6 2. Bg5 g6 3. Bxf6 exf6 4. e3 Bg7 5. g3 0-0 6. Bg2 d6 7. Ne2 Nd7 8. 0-0 f5 9. c4 Nf6 10. Qd3 c6 11. Nbc3 Re8 12. b4 Qe7 13. b5 Ne4 14. Rab1 h5 15. h4 Bh6 16. Nf4 Qf6 17. bxc6 bxc6 18. Nxe4 fxe4 19. Bxe4 d5 20. cxd5 Bxf4 21. exf4 cxd5 22. Bxd5 Bf5 23. Qf3 Bxb1 24. Bxa8 Bxa2 25. Bc6 Rd8 26. d5 a6 27. Rd1 Bc4 28. Qe4 Qxc6 29. dxc6 Rxd1+ 30. Kh2 Bd5 31. Qe8+ Kg7 32. f3 Bxf3 33. g4 Bxg4 34. Qe5+ Kg8 35. Qc3 Rd5 36. c7 a5 37. Qc6 Rd2+ 38. Kg3 Rd3+ 39. Kf2 Kg7 40. Qc5 a4 41. Qe5+ Kh7 42. Qf6 Rd2+ 43. Ke3 Rc2 44. Qxf7+ Kh6 45. Kd3 Rc6 46. Qf8+ Kh7 47. Qb8 Bf5+ 48. Kd4 Rc2 49. Qa7 Kh6 50. Ke5 a3 51. Qa8 Kh7 52. Kf6 Rxc7 53. Qxa3 Rb7 54. Qc5 Rd7 55. Qc6 Ra7 56. Qc5 Rb7 57. Qd5 Rc7 58. Qd8 Rb7 59. Qa8 1/2-1/2

[Event "Prague Mencik Memorial 6th"]
[Site "Prague"]
[Date "2023.09.24"]
[Round "9"]
[White "Kharchenko, Michail"]
[Black "Soucek, Jan"]
[Result "1-0"]
[WhiteElo "1978"]
[BlackElo "1789"]
[PlyCount "161"]
[EventDate "2023.09.24"]
[EventType "swiss"]
[EventRounds "9"]
[EventCountry "CZE"]
[SourceTitle "EXT 2024"]
[Source "ChessBase"]
[SourceDate "2023.10.10"]
[SourceVersion "1"]
[SourceVersionDate "2023.10.10"]
[SourceQuality "1"]

1. Nf3 Nf6 2. c4 b6 3. g3 c5 4. Bg2 Bb7 5. 0-0 g6 6. Nc3 Bg7 7. d4 cxd4 8. Nxd4 Bxg2 9. Kxg2 Qc8 10. b3 Qb7+ 11. Kg1 0-0 12. Bb2 a6 13. Qd2 d5 14. cxd5 Nxd5 15. Nxd5 Qxd5 16. Rfd1 Rd8 17. Rab1 Nc6 18. Nf3 Qe6 19. Qe1 Rxd1 20. Qxd1 Rd8 21. Qc1 Nb4 22. Bxg7 Kxg7 23. Qc3+ Kg8 24. Qxb4 Qxe2 25. Qxb6 Rd6 26. Qe3 Qxa2 27. Re1 e6 28. Qh6 Qa5 29. Rc1 f6 30. Qf4 e5 31. Qc4+ Kg7 32. Qc7+ Qxc7 33. Rxc7+ Kh6 34. Kg2 Rd3 35. Rc6 Kg7 36. b4 e4 37. Ne1 Rd2 38. Nc2 f5 39. Ne3 Rb2 40. Rb6 Kh6 41. h4 Kh5 42. Nd5 Rd2 43. Rd6 Kh6 44. Kf1 Kg7 45. Rd7+ Kf8 46. Nf6 Rb2 47. Nxh7+ Ke8 48. Nf6+ Kf8 49. Rb7 a5 50. b5 a4 51. Nd7+ Ke8 52. Nf6+ Kd8 53. b6 a3 54. Rb8+ Ke7 55. Nd5+ Kd6 56. Nc3 Kc6 57. Rg8 Kxb6 58. Rxg6+ Ka5 59. Rf6 Kb4 60. Nd5+ Kc5 61. Rxf5 Kd4 62. Ne3 a2 63. Ra5 Rb1+ 64. Kg2 a1Q 65. Rxa1 Rxa1 66. g4 Ke5 67. g5 Kf4 68. Nd5+ Kg4 69. g6 Ra6 70. g7 Rg6 71. g8Q Rxg8 72. Nf6+ Kxh4+ 73. Nxg8 Kg4 74. Nf6+ Kf4 75. Nh5+ Kg4 76. Ng3 Kf4 77. Kf1 e3 78. Ne2+ Kf3 79. Ng1+ Ke4 80. f3+ Kd3 81. Ke1 1-0

[Event "Prague Mencik Memorial 6th"]
[Site "Prague"]
[Date "2023.09.24"]
[Round "3"]
[White "Paulus, Vaclav"]
[Black "Soucek, Jan"]
[Result "1-0"]
[WhiteElo "2107"]
[BlackElo "1789"]
[PlyCount "85"]
[EventDate "2023.09.24"]
[EventType "swiss"]
[EventRounds "9"]
[EventCountry "CZE"]
[SourceTitle "EXT 2024"]
[Source "ChessBase"]
[SourceDate "2023.10.10"]
[SourceVersion "1"]
[SourceVersionDate "2023.10.10"]
[SourceQuality "1"]

1. e4 c6 2. Nf3 d5 3. d3 Qc7 4. Nc3 dxe4 5. dxe4 e5 6. Bc4 b5 7. Bb3 h6 8. 0-0 Nf6 9. Re1 Be7 10. a4 b4 11. Nb1 0-0 12. Nbd2 Rd8 13. Qe2 a5 14. h3 Nbd7 15. Nc4 Ba6 16. Be3 Nxe4 17. Bxh6 Nd6 18. Nfxe5 Nxe5 19. Qxe5 gxh6 20. Re3 Bf8 21. Rg3+ Kh7 22. c3 Bxc4 23. Bc2+ f5 24. Bxf5+ Nxf5 25. Qxc7+ Bg7 26. Rf3 Be6 27. Re1 Re8 28. Rxe6 Rxe6 29. Rxf5 bxc3 30. bxc3 Rae8 31. Rf7 Rg6 32. g3 Rg5 33. Qxc6 Kg8 34. Qc4 Kh8 35. Rf4 Rge5 36. Rf7 R5e7 37. Rxe7 Rxe7 38. Qc8+ Kh7 39. Qf5+ Kh8 40. c4 Bc3 41. c5 Rc7 42. Qd5 Bb4 43. Qe5+ 1-0

[Event "Pardubice Czech op-A 34th"]
[Site "Pardubice"]
[Date "2023.07.27"]
[Round "7"]
[White "Sernecki, Franciszek"]
[Black "Soucek, Jan"]
[Result "1-0"]
[WhiteElo "2309"]
[BlackElo "2033"]
[PlyCount "73"]
[EventDate "2023.07.21"]
[EventType "swiss"]
[EventRounds "9"]
[EventCountry "CZE"]
[SourceTitle "CBM 215 Extra"]
[Source "ChessBase"]
[SourceDate "2023.09.30"]
[SourceVersion "1"]
[SourceVersionDate "2023.09.30"]
[SourceQuality "1"]

1. d4 Nf6 2. c4 e6 3. Nf3 Bb4+ 4. Bd2 Qe7 5. g3 Nc6 6. Nc3 Bxc3 7. Bxc3 Ne4 8. Rc1 0-0 9. Bg2 d6 10. d5 Nd8 11. 0-0 e5 12. Be1 f5 13. Qc2 Nf7 14. b4 Nh6 15. c5 Kh8 16. cxd6 cxd6 17. Qb2 b5 18. Bd2 f4 19. Rfd1 Ng5 20. Nxg5 Qxg5 21. Rc7 Ng4 22. f3 Nxh2 23. gxf4 Qg3 24. Be1 Qxf4 25. Qc1 Nxf3+ 26. exf3 Qf6 27. Qe3 Qg6 28. Qe4 Bf5 29. Qh4 Rac8 30. Rdc1 Rxc7 31. Rxc7 Bd3 32. Qg4 Qf6 33. Bh4 Qh6 34. Rc8 g5 35. Bxg5 Qg7 36. Qe6 h6 37. Bxh6 1-0

[Event "Skalica op-A"]
[Site "Skalica"]
[Date "2022.08.28"]
[Round "9"]
[White "Harvan, Tomas"]
[Black "Soucek, Jan"]
[Result "0-1"]
[WhiteElo "1840"]
[BlackElo "1863"]
[PlyCount "82"]
[EventDate "2022.08.20"]
[EventType "swiss"]
[EventRounds "9"]
[EventCountry "SVK"]
[SourceTitle "CBM 209 Extra"]
[Source "ChessBase"]
[SourceDate "2022.09.30"]
[SourceVersion "1"]
[SourceVersionDate "2022.09.30"]
[SourceQuality "1"]

1. e4 c5 2. Nf3 e6 3. d4 cxd4 4. Nxd4 Nc6 5. Nc3 Qc7 6. Nxc6 bxc6 7. Bd3 d5 8. 0-0 Nf6 9. f4 Ba6 10. Kh1 Bxd3 11. cxd3 Be7 12. Qf3 Rb8 13. Qg3 h5 14. e5 Ng4 15. f5 Rb7 16. d4 c5 17. fxe6 fxe6 18. Qd3 cxd4 19. Qg6+ Kd8 20. Qxg7 Qxe5 21. Qxe5 Nxe5 22. Ne2 d3 23. Nf4 Kd7 24. Bd2 Rhb8 25. Bc3 Nc6 26. Nxd3 d4 27. Be1 e5 28. Bg3 Bd6 29. Rae1 Re8 30. Rf7+ Kc8 31. Rf6 Rd7 32. Rc1 Kb7 33. h3 h4 34. Bxh4 e4 35. Nc5+ Bxc5 36. Rxc5 d3 37. Rc1 d2 38. Rd1 e3 39. Be1 dxe1Q+ 40. Rxe1 e2 41. Rf2 Rd1 0-1

[Event "Skalica op-A"]
[Site "Skalica"]
[Date "2022.08.27"]
[Round "8"]
[White "Soucek, Jan"]
[Black "Mizicka, Matus"]
[Result "0-1"]
[WhiteElo "1863"]
[BlackElo "1922"]
[PlyCount "84"]
[EventDate "2022.08.20"]
[EventType "swiss"]
[EventRounds "9"]
[EventCountry "SVK"]
[SourceTitle "CBM 209 Extra"]
[Source "ChessBase"]
[SourceDate "2022.09.30"]
[SourceVersion "1"]
[SourceVersionDate "2022.09.30"]
[SourceQuality "1"]

1. d4 Nf6 2. Bg5 d5 3. Bxf6 exf6 4. e3 Bd6 5. g3 0-0 6. Bg2 c6 7. Ne2 Be6 8. 0-0 Nd7 9. Qd3 f5 10. b3 Qf6 11. Nd2 Rfe8 12. c4 a6 13. Nc3 dxc4 14. bxc4 Rad8 15. Qc2 Nf8 16. Rab1 Bc8 17. c5 Bc7 18. Nc4 f4 19. gxf4 Bf5 20. e4 Rxd4 21. Nd6 Bxd6 22. cxd6 Rc4 23. Rbc1 Bxe4 24. Nxe4 Rexe4 25. Qd3 Red4 26. Qxc4 Rxc4 27. Rxc4 Qxd6 28. Re4 g6 29. Rfe1 Ne6 30. Bh3 Nxf4 31. Bc8 Qf6 32. Kf1 Qg5 33. R1e3 Qg2+ 34. Ke1 Qg1+ 35. Kd2 Qxf2+ 36. Kc1 Qg1+ 37. Kb2 Nd3+ 38. Kc2 Nb4+ 39. Kb2 Nd5 40. Re2 Qb6+ 41. Kc2 Kg7 42. h4 Qc5+ 0-1

[Event "Skalica op-A"]
[Site "Skalica"]
[Date "2022.08.25"]
[Round "6"]
[White "Soucek, Jan"]
[Black "Bednar, Jan"]
[Result "1-0"]
[WhiteElo "1863"]
[BlackElo "1962"]
[PlyCount "59"]
[EventDate "2022.08.20"]
[EventType "swiss"]
[EventRounds "9"]
[EventCountry "SVK"]
[SourceTitle "CBM 209 Extra"]
[Source "ChessBase"]
[SourceDate "2022.09.30"]
[SourceVersion "1"]
[SourceVersionDate "2022.09.30"]
[SourceQuality "1"]

1. e4 c5 2. Nf3 d6 3. Bb5+ Bd7 4. Bxd7+ Qxd7 5. c4 Nf6 6. Nc3 g6 7. d4 cxd4 8. Nxd4 Bg7 9. f3 0-0 10. Be3 e6 11. 0-0 Nc6 12. Qd2 Rac8 13. b3 Rfd8 14. Rad1 d5 15. cxd5 exd5 16. Nxc6 bxc6 17. e5 Ne8 18. f4 f6 19. Na4 fxe5 20. fxe5 Bxe5 21. Nc5 Qe7 22. b4 Qh4 23. Bf4 Bxf4 24. Rxf4 Qh5 25. Ne6 Nd6 26. Nxd8 Rxd8 27. Re1 Qh6 28. Qd4 Qg7 29. Qxg7+ Kxg7 30. Re7+ 1-0

[Event "Skalica op-A"]
[Site "Skalica"]
[Date "2022.08.23"]
[Round "4"]
[White "Soucek, Jan"]
[Black "Dotzer, Lukas"]
[Result "0-1"]
[WhiteElo "1863"]
[BlackElo "2083"]
[PlyCount "78"]
[EventDate "2022.08.20"]
[EventType "swiss"]
[EventRounds "9"]
[EventCountry "SVK"]
[SourceTitle "CBM 209 Extra"]
[Source "ChessBase"]
[SourceDate "2022.09.30"]
[SourceVersion "1"]
[SourceVersionDate "2022.09.30"]
[SourceQuality "1"]

1. d4 Nf6 2. Bg5 d5 3. Bxf6 exf6 4. e3 Bd6 5. g3 0-0 6. Bg2 f5 7. Ne2 c6 8. 0-0 Be6 9. Qd3 Nd7 10. b3 b5 11. Nd2 Nb6 12. a4 bxa4 13. c4 dxc4 14. bxc4 Rc8 15. Nc3 Bb4 16. Nxa4 Nxa4 17. Rxa4 a5 18. Nf3 c5 19. Ne5 Qd6 20. Rc1 Rfd8 21. Nf3 Qa6 22. Bf1 g6 23. d5 Bd7 24. Ra2 Qf6 25. Be2 a4 26. Nd2 Ra8 27. Nb1 g5 28. Na3 f4 29. exf4 gxf4 30. Qf3 Re8 31. Bd3 Qd4 32. gxf4 Kh8 33. Kh1 Rg8 34. Bxh7 Bg4 35. Qe4 Rae8 36. Qxd4+ cxd4 37. Bxg8 Bf3+ 38. Kg1 Rxg8+ 39. Kf1 Rg2 0-1

[Event "CZE-ch U14"]
[Site "Luhacovice"]
[Date "2022.03.18"]
[Round "8"]
[White "Soucek, Jan"]
[Black "Brozka, Karel"]
[Result "1/2-1/2"]
[WhiteElo "1849"]
[BlackElo "2125"]
[PlyCount "61"]
[EventDate "2022.03.12"]
[EventType "swiss"]
[EventRounds "9"]
[EventCountry "CZE"]
[SourceTitle "EXT 2023"]
[Source "ChessBase"]
[SourceDate "2022.10.05"]
[SourceVersion "1"]
[SourceVersionDate "2022.10.05"]
[SourceQuality "1"]

1. d4 Nf6 2. Bg5 e6 3. e4 h6 4. Bxf6 Qxf6 5. c3 b6 6. Nd2 Bb7 7. Bd3 c5 8. Ngf3 Nc6 9. d5 Ne5 10. Nxe5 Qxe5 11. Nc4 Qc7 12. Bc2 b5 13. d6 Qd8 14. Ne3 Qf6 15. 0-0 g5 16. Ng4 Qf4 17. e5 Bg7 18. f3 h5 19. g3 Bxf3 20. Rxf3 Qxg4 21. Qf1 Rf8 22. Rxf7 Rxf7 23. Bg6 0-0-0 24. Bxf7 Bxe5 25. Qxb5 Bxd6 26. Qa6+ Kc7 27. Qxa7+ Kc8 28. Qa6+ Kc7 29. Qa7+ Kc8 30. Qa6+ Kc7 31. Qa7+ 1/2-1/2

[Event "CZE-ch U14"]
[Site "Luhacovice"]
[Date "2022.03.16"]
[Round "6"]
[White "Hladky, Tadeas"]
[Black "Soucek, Jan"]
[Result "1-0"]
[WhiteElo "2029"]
[BlackElo "1849"]
[PlyCount "63"]
[EventDate "2022.03.12"]
[EventType "swiss"]
[EventRounds "9"]
[EventCountry "CZE"]
[SourceTitle "EXT 2023"]
[Source "ChessBase"]
[SourceDate "2022.10.05"]
[SourceVersion "1"]
[SourceVersionDate "2022.10.05"]
[SourceQuality "1"]

1. e4 e6 2. d4 d5 3. Nd2 Nf6 4. e5 Nfd7 5. Bd3 c5 6. c3 b6 7. Qe2 cxd4 8. cxd4 Nc6 9. Ndf3 Nb4 10. a3 Nxd3+ 11. Qxd3 Be7 12. Nh3 a5 13. Nfg5 g6 14. Qf3 0-0 15. 0-0 h6 16. Nxe6 fxe6 17. Qg4 Kh7 18. Nf4 Rg8 19. Nxe6 Qe8 20. Nc7 Qf8 21. Nxa8 Nxe5 22. Qg3 Nf7 23. Nxb6 Ba6 24. Re1 Qd8 25. Nxd5 Bd6 26. Bf4 Bxf4 27. Nxf4 Qxd4 28. Ne6 Qxb2 29. Qc7 Qf6 30. Nc5 Rc8 31. Qe7 Qf5 32. Nxa6 1-0

[Event "CZE-ch U14"]
[Site "Luhacovice"]
[Date "2022.03.15"]
[Round "5"]
[White "Babula, Matej"]
[Black "Soucek, Jan"]
[Result "0-1"]
[WhiteElo "1753"]
[BlackElo "1849"]
[PlyCount "80"]
[EventDate "2022.03.12"]
[EventType "swiss"]
[EventRounds "9"]
[EventCountry "CZE"]
[SourceTitle "EXT 2023"]
[Source "ChessBase"]
[SourceDate "2022.10.05"]
[SourceVersion "1"]
[SourceVersionDate "2022.10.05"]
[SourceQuality "1"]

1. e4 e6 2. d4 d5 3. Nd2 Nf6 4. e5 Nfd7 5. Bd3 c5 6. c3 Nc6 7. Ne2 cxd4 8. cxd4 f6 9. exf6 Qxf6 10. Nf3 Bd6 11. 0-0 e5 12. dxe5 Ndxe5 13. Nxe5 Bxe5 14. Qb3 Qf7 15. Qa3 Bf5 16. Bxf5 Qxf5 17. f4 Bf6 18. Qe3+ Kf7 19. Ng3 Qc2 20. Kh1 Rhe8 21. Qf3 Rad8 22. f5 Re7 23. Nh5 Nd4 24. Qh3 Qxf5 25. Qxf5 Nxf5 26. Nxf6 gxf6 27. g4 Ne3 28. Bxe3 Rxe3 29. g5 Rd6 30. Rad1 Re5 31. Rc1 Rxg5 32. Rc7+ Kg6 33. Rxb7 d4 34. Rxa7 d3 35. Re7 d2 36. Rd1 Rc5 37. Re2 Rc1 38. Rg2+ Kf5 39. Rgg1 Rxd1 40. Rxd1 Ke4 0-1

[Event "CZE-ch U14"]
[Site "Luhacovice"]
[Date "2022.03.14"]
[Round "4"]
[White "Soucek, Jan"]
[Black "Sigut, Ondrej"]
[Result "1-0"]
[WhiteElo "1849"]
[BlackElo "1536"]
[PlyCount "131"]
[EventDate "2022.03.12"]
[EventType "swiss"]
[EventRounds "9"]
[EventCountry "CZE"]
[SourceTitle "EXT 2023"]
[Source "ChessBase"]
[SourceDate "2022.10.05"]
[SourceVersion "1"]
[SourceVersionDate "2022.10.05"]
[SourceQuality "1"]

1. d4 d5 2. Nf3 g6 3. e3 Bg7 4. Bd3 Nf6 5. 0-0 0-0 6. Nbd2 c6 7. b3 Nbd7 8. Bb2 Qc7 9. c4 dxc4 10. Nxc4 Nb6 11. Nce5 Ng4 12. Nc4 Nxc4 13. Bxc4 Bf5 14. h3 Nf6 15. b4 Rad8 16. Qb3 Ne4 17. a4 Nd6 18. Bd3 Bxd3 19. Qxd3 Qb6 20. Ba3 Rfe8 21. Qe2 Qc7 22. Ra2 a6 23. Rb1 Rb8 24. b5 axb5 25. Bxd6 Qxd6 26. axb5 Rec8 27. bxc6 bxc6 28. Rc1 Rb7 29. Rac2 Rbc7 30. Rc5 e6 31. Qa6 f6 32. Nd2 Bf8 33. Ne4 Qd8 34. Rxc6 Rxc6 35. Rxc6 Rxc6 36. Qxc6 Kf7 37. Nc3 Be7 38. Nb5 h5 39. Nc7 Qd6 40. Qxd6 Bxd6 41. Nb5 Bb4 42. Kf1 Ke7 43. Ke2 Kd7 44. Kd3 Kc6 45. Nc3 Be7 46. Ke4 Kd6 47. Ne2 g5 48. g4 hxg4 49. hxg4 Bd8 50. f4 gxf4 51. exf4 Be7 52. Ng1 Bf8 53. f5 Be7 54. fxe6 Kxe6 55. Nh3 Bd8 56. Nf4+ Kd6 57. Kf5 Be7 58. Ke4 Bd8 59. Kf5 Be7 60. Kg6 Bd8 61. Kf7 Bb6 62. Ne6 Bxd4 63. Nxd4 Ke5 64. Nf5 Kf4 65. Nh6 Kg5 66. Kg7 1-0

[Event "CZE-ch U14"]
[Site "Luhacovice"]
[Date "2022.03.13"]
[Round "2"]
[White "Soucek, Jan"]
[Black "Prazak, Daniel"]
[Result "0-1"]
[WhiteElo "1849"]
[BlackElo "2016"]
[PlyCount "72"]
[EventDate "2022.03.12"]
[EventType "swiss"]
[EventRounds "9"]
[EventCountry "CZE"]
[SourceTitle "EXT 2023"]
[Source "ChessBase"]
[SourceDate "2022.10.05"]
[SourceVersion "1"]
[SourceVersionDate "2022.10.05"]
[SourceQuality "1"]

1. d4 Nf6 2. Bg5 e6 3. e4 d5 4. Bxf6 Qxf6 5. e5 Qd8 6. c3 c5 7. Nf3 Nc6 8. a3 c4 9. Nbd2 Bd7 10. b4 cxb3 11. Qxb3 Na5 12. Qb2 Rc8 13. Rc1 Qb6 14. Qxb6 axb6 15. Nb1 b5 16. Rc2 Nc4 17. Bxc4 bxc4 18. Rb2 b5 19. Ke2 Ra8 20. Ne1 Be7 21. Nc2 0-0 22. Nb4 Ra4 23. f4 f6 24. Rf1 Be8 25. g3 Bg6 26. exf6 Bxb4 27. fxg7 Bd3+ 28. Kf2 Rc8 29. cxb4 c3 30. Rc1 cxb2 31. Rxc8+ Kxg7 32. Rc3 Bxb1 33. Rb3 Rxa3 34. Rxb2 Be4 35. Ke2 Rd3 36. Rd2 Rb3 0-1

[Event "Skalica op"]
[Site "Skalica"]
[Date "2021.08.27"]
[Round "7"]
[White "Soucek, Jan"]
[Black "Marcinek, Michal"]
[Result "1-0"]
[WhiteElo "1858"]
[BlackElo "1919"]
[PlyCount "61"]
[EventDate "2021.08.21"]
[EventType "swiss"]
[EventRounds "9"]
[EventCountry "SVK"]
[SourceTitle "CBM 204 Extra"]
[Source "ChessBase"]
[SourceDate "2021.11.30"]
[SourceVersion "1"]
[SourceVersionDate "2021.11.30"]
[SourceQuality "1"]

1. e4 e6 2. d4 d5 3. Nd2 dxe4 4. Nxe4 Nd7 5. Bd3 Ngf6 6. Qe2 c5 7. Nf3 Nxe4 8. Qxe4 Nf6 9. Bb5+ Nd7 10. 0-0 Be7 11. dxc5 Bxc5 12. Ne5 0-0 13. Bxd7 Bxd7 14. Qxb7 Be8 15. Qe4 Rc8 16. c3 Qb6 17. b4 Bd6 18. Nc4 Qc7 19. Nxd6 Qxd6 20. Be3 Bc6 21. Qg4 Qd3 22. Bxa7 h5 23. Qd4 Qg6 24. f3 Rfd8 25. Qf2 Bb5 26. Rfc1 Qd3 27. Bc5 Ra8 28. Qe3 Qc4 29. a3 Rd3 30. Qe4 Rxc3 31. Qxa8+ 1-0

[Event "Skalica op"]
[Site "Skalica"]
[Date "2021.08.24"]
[Round "4"]
[White "Elias, David"]
[Black "Soucek, Jan"]
[Result "1/2-1/2"]
[WhiteElo "1920"]
[BlackElo "1858"]
[PlyCount "104"]
[EventDate "2021.08.21"]
[EventType "swiss"]
[EventRounds "9"]
[EventCountry "SVK"]
[SourceTitle "CBM 204 Extra"]
[Source "ChessBase"]
[SourceDate "2021.11.30"]
[SourceVersion "1"]
[SourceVersionDate "2021.11.30"]
[SourceQuality "1"]

1. Nf3 e6 2. g3 d5 3. c4 b6 4. Bg2 Bb7 5. 0-0 Nf6 6. d4 Bd6 7. b3 0-0 8. Nc3 a6 9. Qc2 Nbd7 10. Rd1 Qe7 11. Nh4 c6 12. Bb2 Rfd8 13. e4 dxe4 14. Nxe4 Nxe4 15. Bxe4 Nf6 16. Bd3 h6 17. Re1 Qc7 18. Qd2 c5 19. d5 Be7 20. Qe3 Nh7 21. Nf5 exf5 22. Qxe7 Qxe7 23. Rxe7 Bc8 24. Rae1 Bd7 25. f4 Nf8 26. Kf2 Ng6 27. R7e3 f6 28. h4 Kf8 29. h5 Nh8 30. a4 a5 31. Re7 Nf7 32. Bc2 Nd6 33. R7e3 Re8 34. Rxe8+ Rxe8 35. Rxe8+ Kxe8 36. Kf3 Ke7 37. Bc1 Kf8 38. Be3 Nb7 39. Kg2 Ke7 40. Kh3 Nd6 41. Bd1 Kd8 42. Kh4 Kc7 43. Bf3 Kc8 44. Bc1 Kc7 45. Bb2 Kd8 46. Bc1 Ke7 47. Bb2 Kd8 48. g4 fxg4 49. Bxg4 Bxg4 50. Kxg4 f5+ 51. Kh4 Ne8 52. Be5 Kc8 1/2-1/2

[Event "CZE-ch Betsys Online Blitz"]
[Site "Chess.com INT"]
[Date "2021.04.17"]
[Round "8"]
[White "Stary, Lukas"]
[Black "Soucek, Jan"]
[Result "1-0"]
[WhiteElo "1857"]
[BlackElo "1916"]
[PlyCount "111"]
[EventDate "2021.04.17"]
[EventType "swiss (blitz)"]
[EventRounds "13"]
[EventCountry "CZE"]
[SourceTitle "CBM 201 Extra"]
[Source "ChessBase"]
[SourceDate "2021.05.31"]
[SourceVersion "1"]
[SourceVersionDate "2021.05.31"]
[SourceQuality "1"]

1. d4 d5 2. Bf4 Nf6 3. e3 c5 4. c3 Nc6 5. Nd2 Qb6 6. Qb3 c4 7. Qc2 Bg4 8. h3 Bh5 9. g4 Bg6 10. Qc1 e6 11. Ngf3 Be7 12. Ne5 Nxe5 13. Bxe5 0-0 14. Bf4 Bd6 15. Bg2 Nd7 16. 0-0 a5 17. Bxd6 Qxd6 18. e4 dxe4 19. Nxe4 Qc7 20. f4 Bxe4 21. Bxe4 Nf6 22. Bg2 Rab8 23. Qe3 b5 24. a3 b4 25. axb4 axb4 26. Qe5 Qxe5 27. fxe5 Nd5 28. Bxd5 exd5 29. Ra4 bxc3 30. bxc3 Rb3 31. Rc1 Rfb8 32. Kg2 g6 33. Ra5 R8b5 34. Ra8+ Kg7 35. Ra7 Rb7 36. Ra5 R7b5 37. Ra7 Rb7 38. Ra2 Rb2+ 39. Rc2 Rxa2 40. Rxa2 Rb3 41. Rc2 f6 42. exf6+ Kxf6 43. Kf3 Kg5 44. Kg3 Kf6 45. Kf4 h6 46. h4 g5+ 47. hxg5+ hxg5+ 48. Ke3 Kg6 49. Kd2 Kf6 50. Ra2 Rb6 51. Kc2 Ke6 52. Ra8 Kf6 53. Rf8+ Ke6 54. Rg8 Kf6 55. Rf8+ Kg6 56. Rd8 1-0

[Event "Ceske Budejovice op-A"]
[Site "Ceske Budejovice"]
[Date "2020.07.05"]
[Round "5"]
[White "Soucek, Jan"]
[Black "Stastny, Petr"]
[Result "0-1"]
[WhiteElo "1751"]
[BlackElo "1947"]
[PlyCount "102"]
[EventDate "2020.07.01"]
[EventType "swiss"]
[EventRounds "9"]
[EventCountry "CZE"]
[SourceTitle "CBM 197 Extra"]
[Source "ChessBase"]
[SourceDate "2020.09.30"]
[SourceVersion "1"]
[SourceVersionDate "2020.09.30"]
[SourceQuality "1"]

1. e4 c5 2. Nf3 Nc6 3. d4 cxd4 4. Nxd4 Nf6 5. Nc3 e5 6. Ndb5 d6 7. Bg5 a6 8. Na3 b5 9. Nd5 Be7 10. Bxf6 Bxf6 11. c4 b4 12. Nc2 Rb8 13. g3 0-0 14. b3 Bg5 15. Bg2 Be6 16. 0-0 Qd7 17. Qd3 f5 18. f4 Bh6 19. Rad1 g6 20. Nde3 Rbd8 21. exf5 gxf5 22. Bxc6 Qxc6 23. Nxb4 Qc5 24. Nbd5 a5 25. Rf2 Rd7 26. Qe2 Bg7 27. Qe1 Kh8 28. Rfd2 Re8 29. Qf2 Rf8 30. Kh1 Qc6 31. Qg2 Qc5 32. Qf3 Rff7 33. Qh5 Qc6 34. h3 Qc5 35. Kh2 e4 36. Qe2 Rd8 37. g4 fxg4 38. hxg4 Rfd7 39. Kh1 Kg8 40. g5 Rf7 41. Qh5 Bxd5 42. Nxd5 e3 43. Rh2 Re8 44. Rg1 Kf8 45. g6 e2 46. gxh7 Qxg1+ 47. Kxg1 e1Q+ 48. Kg2 Re2+ 49. Qxe2 Qxe2+ 50. Kg3 Qd3+ 51. Kg2 Bh8 0-1

[Event "Ceske Budejovice op-A"]
[Site "Ceske Budejovice"]
[Date "2020.07.01"]
[Round "1"]
[White "Soucek, Jan"]
[Black "Zdrazil, Tomas"]
[Result "1/2-1/2"]
[WhiteElo "1751"]
[BlackElo "2124"]
[PlyCount "78"]
[EventDate "2020.07.01"]
[EventType "swiss"]
[EventRounds "9"]
[EventCountry "CZE"]
[SourceTitle "CBM 197 Extra"]
[Source "ChessBase"]
[SourceDate "2020.09.30"]
[SourceVersion "1"]
[SourceVersionDate "2020.09.30"]
[SourceQuality "1"]

1. e4 c5 2. Nf3 d6 3. d4 cxd4 4. Nxd4 Nf6 5. Nc3 a6 6. g3 e5 7. Nde2 Be6 8. Bg2 Be7 9. 0-0 Nbd7 10. Re1 Rc8 11. h3 b5 12. g4 Nb6 13. Ng3 g6 14. Bh6 Bf8 15. Bxf8 Kxf8 16. Qd2 h5 17. g5 Ne8 18. h4 Nc4 19. Qc1 Kg7 20. b3 Nb6 21. Nd5 Bxd5 22. exd5 f5 23. gxf6+ Qxf6 24. Qe3 Nd7 25. Bh3 Rd8 26. Qg5 Qxg5 27. hxg5 Nc5 28. a4 b4 29. Ne4 Nxe4 30. Rxe4 a5 31. f4 Nc7 32. fxe5 Nxd5 33. exd6 Rxd6 34. Rd4 Rhd8 35. Rad1 Kf7 36. Rf1+ Kg7 37. Rfd1 Kf7 38. Rf1+ Kg7 39. Rfd1 Kf7 1/2-1/2

[Event "Tatry op"]
[Site "Tatranske Zruby"]
[Date "2019.10.01"]
[Round "5"]
[White "Chlpik, Martin"]
[Black "Soucek, Jan"]
[Result "1/2-1/2"]
[WhiteElo "2256"]
[BlackElo "1705"]
[PlyCount "68"]
[EventDate "2019.09.28"]
[EventType "swiss"]
[EventRounds "9"]
[EventCountry "SVK"]
[SourceTitle "EXT 2020"]
[Source "ChessBase"]
[SourceDate "2019.10.17"]
[SourceVersion "1"]
[SourceVersionDate "2019.10.17"]
[SourceQuality "1"]

1. c4 e5 2. a3 Nf6 3. d3 d5 4. cxd5 Nxd5 5. Nf3 Nc6 6. e4 Nb6 7. Be2 Bg4 8. Nbd2 a5 9. b3 Bc5 10. Bb2 Bxf3 11. Nxf3 Nd4 12. Rc1 Qd6 13. 0-0 0-0 14. Nxd4 Bxd4 15. Bxd4 Qxd4 16. Qc2 c6 17. Rb1 c5 18. Bg4 h5 19. Bxh5 Rac8 20. Rbe1 Rc6 21. Re3 Rh6 22. Bg4 Nc8 23. Bxc8 Rxc8 24. Rg3 Rcc6 25. Qd2 b6 26. Qe3 Rhf6 27. Qc1 Rg6 28. Rxg6 Rxg6 29. Qc4 Qd7 30. f3 Rd6 31. Rd1 Kh7 32. Kf2 Rd4 33. Qc2 Qd6 34. a4 Kg8 1/2-1/2

[Event "EU-ch U12"]
[Site "Bratislava"]
[Date "2019.08.10"]
[Round "9"]
[White "Gudmundsson, Gunnar Erik"]
[Black "Soucek, Jan"]
[Result "0-1"]
[WhiteElo "1746"]
[BlackElo "1627"]
[PlyCount "92"]
[EventDate "2019.08.02"]
[EventType "swiss"]
[EventRounds "9"]
[EventCountry "SVK"]
[SourceTitle "EXT 2020"]
[Source "ChessBase"]
[SourceDate "2019.10.17"]
[SourceVersion "1"]
[SourceVersionDate "2019.10.17"]
[SourceQuality "1"]

1. d4 d5 2. c4 c6 3. Nc3 Nf6 4. Nf3 e6 5. e3 Nbd7 6. Bd3 dxc4 7. Bxc4 b5 8. Bd3 Bb7 9. 0-0 Be7 10. e4 b4 11. Na4 c5 12. Re1 cxd4 13. Nxd4 0-0 14. Bc2 Rc8 15. f3 Nc5 16. Be3 Qa5 17. Nxc5 Bxc5 18. Qe2 Qb6 19. Qf2 Rfd8 20. Rad1 a5 21. Ba4 Bxe4 22. Bc2 Bxc2 23. Nxc2 Bxe3 24. Nxe3 h6 25. Rc1 a4 26. Nc2 Qxf2+ 27. Kxf2 Rd2+ 28. Re2 Rxe2+ 29. Kxe2 b3 30. Kd3 Nd5 31. Kd2 bxc2 32. Rxc2 Rxc2+ 33. Kxc2 Nb4+ 34. Kb1 Kf8 35. a3 Nd5 36. Kc2 Ke7 37. Kd3 Kd6 38. Kc4 Kc6 39. Kd4 f6 40. g3 Kb5 41. f4 g6 42. h3 h5 43. h4 Kc6 44. Ke4 Kc5 45. Kd3 Ne7 46. Ke3 Kc4 0-1